Yagnam and other stories / (Record no. 130479)
[ view plain ]
| 000 -LEADER | |
|---|---|
| fixed length control field | 00894nam a22002777a 4500 |
| 003 - CONTROL NUMBER IDENTIFIER | |
| control field | dpl |
| 005 - DATE AND TIME OF LATEST TRANSACTION | |
| control field | 20181105142501.0 |
| 008 - FIXED-LENGTH DATA ELEMENTS--GENERAL INFORMATION | |
| fixed length control field | 181105b ||||| |||| 00| 0 eng d |
| 010 ## - LIBRARY OF CONGRESS CONTROL NUMBER | |
| LC control number | B-227137, B-227154 |
| 020 ## - INTERNATIONAL STANDARD BOOK NUMBER | |
| Terms of availability | 175.00 |
| International Standard Book Number | 8126023201 |
| 035 ## - SYSTEM CONTROL NUMBER | |
| System control number | B-227137, B-227154 |
| 037 ## - SOURCE OF ACQUISITION | |
| Source of stock number/acquisition | Cen Lib/Ret |
| 040 ## - CATALOGING SOURCE | |
| Original cataloging agency | DPL |
| Language of cataloging | EN |
| Transcribing agency | 0 |
| 082 ## - DEWEY DECIMAL CLASSIFICATION NUMBER | |
| Classification number | S |
| Item number | RAM |
| 100 ## - MAIN ENTRY--PERSONAL NAME | |
| Personal name | Rama Rao, Kalipatman |
| 9 (RLIN) | 29309 |
| 245 ## - TITLE STATEMENT | |
| Title | Yagnam and other stories / |
| Statement of responsibility, etc | by Kalipatnam Rama Rao; translated by C.L.L. Jayaprada |
| 260 ## - PUBLICATION, DISTRIBUTION, ETC. (IMPRINT) | |
| Place of publication, distribution, etc | New Delhi |
| Name of publisher, distributor, etc | Sahitya akademy |
| Date of publication, distribution, etc | 2007 |
| 270 ## - ADDRESS | |
| City | New Delhi |
| Address | Rabindra bhavan, 35, Ferozshah marg |
| Postal code | 110001 |
| 300 ## - PHYSICAL DESCRIPTION | |
| Extent | 340p. |
| Dimensions | 22cm(Hb) |
| 490 ## - SERIES STATEMENT | |
| Series statement | Sahitya akademi award winning telgu short stories |
| 500 ## - GENERAL NOTE | |
| General note | Includes glossary |
| 650 ## - SUBJECT ADDED ENTRY--TOPICAL TERM | |
| Topical term or geographic name as entry element | Indic literaure |
| 9 (RLIN) | 102418 |
| 650 ## - SUBJECT ADDED ENTRY--TOPICAL TERM | |
| Topical term or geographic name as entry element | Indic fiction |
| 9 (RLIN) | 102419 |
| 700 ## - ADDED ENTRY--PERSONAL NAME | |
| Personal name | Jayaprada, C.L.L. |
| 9 (RLIN) | 102420 |
| 942 ## - ADDED ENTRY ELEMENTS (KOHA) | |
| Source of classification or shelving scheme | Dewey Decimal Classification |
| Koha item type | English Books |
| Classification part | S |
| Call number suffix | RAM |
| Withdrawn status | Lost status | Damaged status | Not for loan | Home library | Current library | Date acquired | Source of acquisition | Cost, normal purchase price | Total Checkouts | Full call number | Barcode | Date last seen | Date checked out | Copy number | Cost, replacement price | Price effective from | Koha item type | Source of classification or shelving scheme | Collection code |
|---|---|---|---|---|---|---|---|---|---|---|---|---|---|---|---|---|---|---|---|
| Central Library | Central Library | 09/07/2015 | Cen Lib/Ret | 175.00 | 1 | S RAM | B-227137 | 30/11/2017 | 17/11/2017 | 1 | 175.00 | 09/07/2015 | English Books | ||||||
| Yojana Vihar | Yojana Vihar | 05/11/2018 | BPPD/PUB | 175.00 | S RAM | B-227154 | 05/11/2018 | 175.00 | 05/11/2018 | English Books | Dewey Decimal Classification | Fiction |
